School Management System (ScMS) /
Saved in:
| Main Author: | |
|---|---|
| Format: | Thesis Book |
| Language: | English |
| Published: |
2003.
|
| Subjects: | |
| Tags: |
Add Tag
No Tags, Be the first to tag this record!
|
| LEADER | 00893cam a2200229 a 4500 | ||
|---|---|---|---|
| 001 | u519082 | ||
| 003 | SIRSI | ||
| 008 | 990618s2003 my a t 00 10 eng m | ||
| 035 | |a ACZ-8608 | ||
| 040 | |a UMM |e rda | ||
| 090 | |a T58.5 |b UM 2003 Pet | ||
| 100 | 0 | 0 | |a Peterson J. Samuel. |
| 245 | 1 | 0 | |a School Management System (ScMS) / |c by Peterson @ Robinson a/l J. Samuel. |
| 260 | |c 2003. | ||
| 300 | |a x, 125, [13] leaves : |b ill. ; |c 30 cm. | ||
| 502 | |a Dissertation (M.Inf.Tech.) -- Fakulti Sains Komputer dan Teknologi Maklumat, Universiti Malaya, 2003. | ||
| 650 | 0 | |a Electronic filing systems. | |
| 650 | 0 | |a School management and organization |x Data processing. | |
| 710 | 2 | 0 | |a Universiti Malaya. |b Fakulti Sains Komputer dan Teknologi Maklumat. |
| 948 | |a 09/12/2003 |b 05/07/2004 | ||
| 596 | |a 1 | ||
| 999 | |a T58.5 UM 2003 PET |w LC |c 1 |i A511293979 |d 24/8/2010 |e 24/8/2010 |l STACKS |m P01UTAMA |n 4 |r Y |s Y |t TESIS |u 13/7/2004 | ||
